[Event "II. UKSE Tournament A"]
[Site "Budapest"]
[Date "2011.06.18"]
[Round "1"]
[White "Schenkerik, Csaba"]
[Black "Cuibus, Janos"]
[Result "1-0"]
[WhiteElo "2154"]
[BlackElo "2079"]
[PlyCount "73"]
[EventDate "2011.06.18"]
[EventType "tourn"]
[EventRounds "9"]
[EventCountry "HUN"]
[Source "Nadasi, Balazs"]
[SourceDate "2011.06.20"]

1. d4 f5 2. Nf3 Nf6 3. g3 e6 4. Bg2 Be7 5. O-O O-O 6. c4 d6 7. Nc3 a5 8. b3 Qe8
9. Bb2 Bd8 10. Re1 Ne4 11. Qc2 Nc6 12. Nxe4 Nb4 13. Qb1 fxe4 14. Qxe4 Bd7 15.
a3 Na6 16. Qd3 Qh5 17. Bc3 Nb8 18. b4 Nc6 19. d5 Ne7 20. dxe6 Bxe6 21. Nd4 Bc8
22. e4 axb4 23. axb4 Rxa1 24. Bxa1 Qf7 25. f4 Nc6 26. Nxc6 bxc6 27. e5 Be6 28.
Rc1 d5 29. cxd5 Bxd5 30. Bxd5 cxd5 31. Bd4 Re8 32. Rc5 Qd7 33. Qb5 Qxb5 34.
Rxb5 c6 35. Rb8 Kf7 36. f5 Be7 37. e6+ 1-0

[Event "II. UKSE Tournament A"]
[Site "Budapest"]
[Date "2011.06.18"]
[Round "1"]
[White "Bodrogi, Laszlo"]
[Black "Kalmar, Karoly"]
[Result "1-0"]
[WhiteElo "2017"]
[BlackElo "2013"]
[PlyCount "85"]
[EventDate "2011.06.18"]
[EventType "tourn"]
[EventRounds "9"]
[EventCountry "HUN"]
[Source "Nadasi, Balazs"]
[SourceDate "2011.06.20"]

1. d4 d5 2. c4 dxc4 3. Nf3 Nf6 4. e3 e6 5. Bxc4 a6 6. Nc3 b5 7. Bb3 Bb7 8. O-O
c5 9. Qe2 Nbd7 10. Rd1 Qc7 11. Ne5 Nb6 12. Bd2 c4 13. Bc2 Rd8 14. Be1 Be7 15.
Rac1 O-O 16. Bb1 Rc8 17. f3 Nbd7 18. Bg3 Bd6 19. Nxd7 Qxd7 20. Be5 Qc7 21. Qc2
g6 22. Bxd6 Qxd6 23. e4 Qb6 24. Qf2 Rfd8 25. e5 Ne8 26. Be4 Bd5 27. h4 Qc6 28.
h5 b4 29. Nxd5 exd5 30. Bb1 Ng7 31. hxg6 hxg6 32. g4 Qd7 33. Kg2 Ne6 34. Qd2
Qe7 35. Rh1 Qg5 36. Qxg5 Nxg5 37. Kf2 Kg7 38. f4 Ne6 39. f5 Nf4 40. f6+ Kg8 41.
Rh6 Nd3+ 42. Bxd3 cxd3 43. Rch1 1-0

[Event "II. UKSE Tournament A"]
[Site "Budapest"]
[Date "2011.06.18"]
[Round "1"]
[White "Szecsi, Peter"]
[Black "Koczo, Kristof"]
[Result "1/2-1/2"]
[WhiteElo "1818"]
[BlackElo "2233"]
[PlyCount "77"]
[EventDate "2011.06.18"]
[EventType "tourn"]
[EventRounds "9"]
[EventCountry "HUN"]
[Source "Nadasi, Balazs"]
[SourceDate "2011.06.20"]

1. e4 c5 2. Nc3 d6 3. g3 g6 4. Bg2 Bg7 5. d3 Nc6 6. f4 e6 7. Nf3 Nge7 8. O-O
O-O 9. Be3 b6 10. d4 d5 11. exd5 exd5 12. Ne2 Ba6 13. Re1 Nf5 14. Bf2 Re8 15.
dxc5 Ne3 16. Bxe3 Rxe3 17. Qd2 d4 18. Ne5 Nxe5 19. fxe5 Rb8 20. c6 Bxe5 21.
Rad1 Qf6 22. Nc1 Rxe1+ 23. Rxe1 Bb5 24. Nd3 Bd6 25. Bd5 Qf5 26. Be4 Qc8 27. Qg2
Qc7 28. Bd5 Kg7 29. Qe4 f6 30. Nf4 Bxf4 31. Qe7+ Kh6 32. gxf4 Qxf4 33. Qe4 Qxe4
34. Rxe4 Rc8 35. Re6 Kg5 36. b3 Rc7 37. a4 Ba6 38. Kf2 Bc8 39. Re4 1/2-1/2

[Event "II. UKSE Tournament A"]
[Site "Budapest"]
[Date "2011.06.18"]
[Round "1"]
[White "Szecsi, Pal"]
[Black "Grimm, Daniel"]
[Result "0-1"]
[WhiteElo "2041"]
[BlackElo "2068"]
[PlyCount "72"]
[EventDate "2011.06.18"]
[EventType "tourn"]
[EventRounds "9"]
[EventCountry "HUN"]
[Source "Nadasi, Balazs"]
[SourceDate "2011.06.20"]

1. e4 c5 2. Nf3 Nc6 3. d4 cxd4 4. Nxd4 Nf6 5. Nc3 e5 6. Nxc6 bxc6 7. Bg5 Bb4 8.
Bd2 O-O 9. Bd3 d5 10. exd5 cxd5 11. O-O Re8 12. a3 Ba5 13. b4 Bc7 14. Bg5 Bb7
15. Bb5 Re6 16. Na4 Bb6 17. Nxb6 axb6 18. f4 Qc7 19. Bxf6 Rxf6 20. fxe5 Qxe5
21. Qe2 Rxf1+ 22. Qxf1 Qc3 23. Re1 Bc6 24. Bxc6 Qxc6 25. Re7 Rf8 26. Qd3 Qf6
27. Rd7 Re8 28. h3 h6 29. Qg3 Qa1+ 30. Kh2 Re1 31. Rd8+ Kh7 32. Qd3+ g6 33.
Rxd5 Rh1+ 34. Kg3 Qe1+ 35. Kg4 f5+ 36. Rxf5 Qe6 0-1

[Event "II. UKSE Tournament A"]
[Site "Budapest"]
[Date "2011.06.18"]
[Round "1"]
[White "Bartuszek, Andras"]
[Black "Novaky, Csaba"]
[Result "1/2-1/2"]
[WhiteElo "1863"]
[BlackElo "2101"]
[PlyCount "60"]
[EventDate "2011.06.18"]
[EventType "tourn"]
[EventRounds "9"]
[EventCountry "HUN"]
[Source "Nadasi, Balazs"]
[SourceDate "2011.06.20"]

1. e4 e5 2. Nf3 Nc6 3. Bb5 a6 4. Ba4 Nf6 5. d3 b5 6. Bb3 Be7 7. c3 d6 8. Bg5
O-O 9. Nbd2 Na5 10. Bc2 c5 11. Nb3 Nc6 12. h3 h6 13. Be3 Bb7 14. O-O a5 15. a4
b4 16. Nh2 Ba6 17. c4 Nh7 18. Qh5 Bg5 19. Bxg5 Qxg5 20. Qxg5 Nxg5 21. f4 exf4
22. Rxf4 Ne6 23. Rf2 Bc8 24. Nf3 Nf4 25. Kh2 Be6 26. Re1 Ng6 27. g4 f6 28. Kg3
Nce5 29. Nbd2 Rab8 30. b3 Nc6 1/2-1/2

[Event "II. UKSE Tournament A"]
[Site "Budapest"]
[Date "2011.06.19"]
[Round "2"]
[White "Bodrogi, Laszlo"]
[Black "Szecsi, Peter"]
[Result "1-0"]
[WhiteElo "2017"]
[BlackElo "1818"]
[PlyCount "137"]
[EventDate "2011.06.18"]
[EventType "tourn"]
[EventRounds "9"]
[EventCountry "HUN"]
[Source "Nadasi, Balazs"]
[SourceDate "2011.06.20"]

1. d4 Nf6 2. c4 e6 3. Nc3 Bb4 4. Qc2 d5 5. e3 O-O 6. Nf3 b6 7. cxd5 exd5 8. Bd3
Nbd7 9. O-O Bb7 10. a3 Bxc3 11. bxc3 c5 12. Ne5 h6 13. Bf5 Qc7 14. Nxd7 Nxd7
15. Bd2 Nf6 16. Rfc1 c4 17. a4 Rfe8 18. Re1 Re7 19. Bc1 Bc8 20. Ba3 Bxf5 21.
Qxf5 Re6 22. Qc2 Rae8 23. Re2 Ng4 24. g3 Nf6 25. Rae1 h5 26. f3 Qc6 27. Kf2 Qb7
28. Rb1 Qc6 29. Rbe1 Qb7 30. Qb1 Qc6 31. Qb5 Qc7 32. Bc1 Qe7 33. a5 Qc7 34.
axb6 axb6 35. Ra2 h4 36. Ra6 hxg3+ 37. hxg3 Nh5 38. Rg1 Nf6 39. Bd2 Qc6 40. Rb1
Nd7 41. Qxc6 Rxc6 42. Rb5 Rd6 43. Bc1 Nf6 44. Raxb6 Rxb6 45. Rxb6 Ra8 46. g4
Ra2+ 47. Rb2 Ra1 48. Rb8+ Kh7 49. Bb2 Rb1 50. Rb4 g5 51. Ke2 Rh1 52. Kd2 Rh2+
53. Ke1 Rc2 54. Kd1 Rf2 55. Rb6 Kg7 56. Ba3 Rxf3 57. Ke2 Rg3 58. Bd6 Rh3 59.
Be5 Rh6 60. e4 dxe4 61. Rxf6 Rxf6 62. Ke3 Kg6 63. Bxf6 Kxf6 64. Kxe4 Ke6 65.
d5+ Kd6 66. Kd4 f5 67. gxf5 g4 68. f6 g3 69. Ke3 1-0

[Event "II. UKSE Tournament A"]
[Site "Budapest"]
[Date "2011.06.19"]
[Round "2"]
[White "Koczo, Kristof"]
[Black "Szecsi, Pal"]
[Result "1-0"]
[WhiteElo "2233"]
[BlackElo "2041"]
[PlyCount "91"]
[EventDate "2011.06.18"]
[EventType "tourn"]
[EventRounds "9"]
[EventCountry "HUN"]
[Source "Nadasi, Balazs"]
[SourceDate "2011.06.20"]

1. d4 Nf6 2. c4 e6 3. Nf3 Bb4+ 4. Bd2 Bxd2+ 5. Qxd2 Ne4 6. Qc2 f5 7. Nc3 Nxc3
8. Qxc3 O-O 9. g3 d6 10. Bg2 Nd7 11. O-O Qf6 12. b4 e5 13. dxe5 dxe5 14. Rfd1
e4 15. Qxf6 Rxf6 16. Nd4 c5 17. Nc2 cxb4 18. Nxb4 Kf7 19. Rd4 a5 20. Nd5 Rd6
21. Rad1 b6 22. Nc7 Rxd4 23. Rxd4 Rb8 24. Nb5 Ke7 25. g4 Nc5 26. Nd6 g6 27.
gxf5 gxf5 28. Bh3 Kf6 29. Nxc8 Rxc8 30. Rd5 Na4 31. Rxf5+ Kg6 32. Rxa5 Rxc4 33.
Ra6 Kf6 34. Bd7 Nc3 35. Rxb6+ Ke7 36. Rb7 Kd6 37. Bg4 Rc7 38. Rxc7 Kxc7 39. a3
Kd6 40. e3 Nb5 41. a4 Nc3 42. a5 Kc6 43. a6 Kb6 44. Bc8 Nb5 45. Bb7 Nd6 46. Kg2
1-0

[Event "II. UKSE Tournament A"]
[Site "Budapest"]
[Date "2011.06.19"]
[Round "2"]
[White "Grimm, Daniel"]
[Black "Schenkerik, Csaba"]
[Result "0-1"]
[WhiteElo "2068"]
[BlackElo "2154"]
[PlyCount "68"]
[EventDate "2011.06.18"]
[EventType "tourn"]
[EventRounds "9"]
[EventCountry "HUN"]
[Source "Nadasi, Balazs"]
[SourceDate "2011.06.20"]

1. e4 Nf6 2. e5 Nd5 3. c4 Nb6 4. d4 d6 5. exd6 exd6 6. Nc3 Be7 7. Bd3 O-O 8.
Nge2 Re8 9. O-O c6 10. Qc2 g6 11. Be3 d5 12. c5 N6d7 13. b4 Nf8 14. b5 b6 15.
cxb6 axb6 16. bxc6 Nxc6 17. Nxd5 Nb4 18. Nxb4 Bxb4 19. Rab1 Bd6 20. Bd2 Bb7 21.
Bb4 Qg5 22. f3 Rec8 23. Qd1 Bc7 24. a3 Ne6 25. Bd2 Qh5 26. Ng3 Qh4 27. Rb4 Bd6
28. d5 Bxb4 29. Bxb4 Qd4+ 30. Kh1 Bxd5 31. Ne2 Qe3 32. Nc1 Rxc1 33. Qxc1 Qxd3
34. Rd1 Qb3 0-1

[Event "II. UKSE Tournament A"]
[Site "Budapest"]
[Date "2011.06.19"]
[Round "2"]
[White "Kalmar, Karoly"]
[Black "Novaky, Csaba"]
[Result "1/2-1/2"]
[WhiteElo "2013"]
[BlackElo "2101"]
[PlyCount "44"]
[EventDate "2011.06.18"]
[EventType "tourn"]
[EventRounds "9"]
[EventCountry "HUN"]
[Source "Nadasi, Balazs"]
[SourceDate "2011.06.20"]

1. e4 e5 2. Nf3 Nc6 3. d3 Nf6 4. Be2 d5 5. Nbd2 Bc5 6. O-O O-O 7. c3 Bb6 8. b4
a6 9. Qc2 Be6 10. a3 h6 11. Bb2 Nd7 12. c4 d4 13. c5 Ba7 14. Rae1 a5 15. b5 Ne7
16. c6 bxc6 17. bxc6 Nb8 18. Nxe5 Qd6 19. f4 Nbxc6 20. Nxc6 Qxc6 21. Qxc6 Nxc6
22. Rc1 Rab8 1/2-1/2

[Event "II. UKSE Tournament A"]
[Site "Budapest"]
[Date "2011.06.19"]
[Round "2"]
[White "Cuibus, Janos"]
[Black "Bartuszek, Andras"]
[Result "1-0"]
[WhiteElo "2079"]
[BlackElo "1863"]
[PlyCount "111"]
[EventDate "2011.06.18"]
[EventType "tourn"]
[EventRounds "9"]
[EventCountry "HUN"]
[Source "Nadasi, Balazs"]
[SourceDate "2011.06.20"]

1. f4 d5 2. Nf3 c5 3. e3 a6 4. b3 Nf6 5. Bb2 e6 6. Be2 Be7 7. O-O O-O 8. Ne5
Nfd7 9. Qe1 f6 10. Nf3 Nc6 11. d4 b5 12. a4 b4 13. Nbd2 Nb6 14. Kh1 Bd6 15.
dxc5 Bxc5 16. e4 Be3 17. Qg3 Qc7 18. e5 fxe5 19. Nxe5 Bxd2 20. Nxc6 Bxf4 21.
Rxf4 Rxf4 22. Be5 Qd7 23. Qxf4 Qxc6 24. Rf1 Qe8 25. Bh5 Qe7 26. Bd6 Qf6 27. Qc1
Qd8 28. Rf8+ Qxf8 29. Bxf8 Kxf8 30. Qf4+ Ke7 31. Qxb4+ Kf6 32. Qxb6 g6 33. Bf3
Ke5 34. Qc7+ Kd4 35. Qxh7 e5 36. Qxg6 e4 37. Qb6+ Ke5 38. Be2 Be6 39. c3 Rc8
40. Qd4+ Kd6 41. Bxa6 Rb8 42. b4 Rg8 43. c4 Rg4 44. c5+ Ke7 45. Qe5 e3 46. Qxe3
Re4 47. Qxe4 dxe4 48. b5 Bc4 49. c6 e3 50. Kg1 Kd6 51. g4 Kc7 52. Kg2 Kd6 53.
Kf3 e2 54. Kf2 Be6 55. g5 Kc7 56. Kxe2 1-0

[Event "II. UKSE Tournament A"]
[Site "Budapest"]
[Date "2011.06.20"]
[Round "3"]
[White "Szecsi, Peter"]
[Black "Kalmar, Karoly"]
[Result "1/2-1/2"]
[WhiteElo "1818"]
[BlackElo "2013"]
[PlyCount "39"]
[EventDate "2011.06.18"]
[EventType "tourn"]
[EventRounds "9"]
[EventCountry "HUN"]
[Source "Nadasi, Balazs"]
[SourceDate "2011.06.20"]

1. e4 c5 2. Nc3 Nc6 3. g3 g6 4. Bg2 Bg7 5. d3 e6 6. f4 d6 7. Nf3 Nge7 8. O-O
O-O 9. Be3 Nd4 10. e5 Nxf3+ 11. Qxf3 Nf5 12. Bf2 Nd4 13. Qd1 dxe5 14. fxe5 Bxe5
15. Ne4 f5 16. Nxc5 Qc7 17. b4 Rb8 18. c3 Nc6 19. Qb3 Nd8 20. d4 1/2-1/2

[Event "II. UKSE Tournament A"]
[Site "Budapest"]
[Date "2011.06.20"]
[Round "3"]
[White "Szecsi, Pal"]
[Black "Bodrogi, Laszlo"]
[Result "0-1"]
[WhiteElo "2041"]
[BlackElo "2017"]
[PlyCount "38"]
[EventDate "2011.06.18"]
[EventType "tourn"]
[EventRounds "9"]
[EventCountry "HUN"]
[Source "Nadasi, Balazs"]
[SourceDate "2011.06.20"]

1. e4 e6 2. d4 d5 3. exd5 exd5 4. Bd3 Nc6 5. Ne2 Nf6 6. O-O Bg4 7. f3 Bh5 8.
Bf4 Bd6 9. c3 Qd7 10. Qc2 Bg6 11. Nd2 O-O-O 12. b4 Rde8 13. Bxd6 Qxd6 14. Ng3
Qf4 15. Rfe1 Nxd4 16. Qa4 Qxd2 17. Rxe8+ Rxe8 18. Bf1 Qxc3 19. Rd1 Qe3+ 0-1

[Event "II. UKSE Tournament A"]
[Site "Budapest"]
[Date "2011.06.20"]
[Round "3"]
[White "Bartuszek, Andras"]
[Black "Grimm, Daniel"]
[Result "0-1"]
[WhiteElo "1863"]
[BlackElo "2068"]
[PlyCount "78"]
[EventDate "2011.06.18"]
[EventType "tourn"]
[EventRounds "9"]
[EventCountry "HUN"]
[Source "Nadasi, Balazs"]
[SourceDate "2011.06.20"]

1. e4 c5 2. Nf3 Nc6 3. d4 cxd4 4. Nxd4 Nf6 5. Nc3 e5 6. Ndb5 d6 7. Nd5 Nxd5 8.
exd5 Nb8 9. Bd3 a6 10. Nc3 Be7 11. Qh5 Nd7 12. Bd2 Nc5 13. Qe2 Nxd3+ 14. Qxd3
O-O 15. O-O-O f5 16. f3 b5 17. Kb1 b4 18. Ne2 a5 19. c4 bxc3 20. Bxc3 Ba6 21.
Qc2 Qd7 22. Ng3 Bb5 23. Qd2 Bd8 24. h4 Bb6 25. h5 Rfc8 26. Qg5 Rf8 27. h6 g6
28. Rh3 Rac8 29. Qd2 a4 30. Nf1 a3 31. f4 e4 32. Bg7 Rfe8 33. Rxa3 Bd3+ 34.
Rxd3 exd3 35. Qxd3 Qa4 36. b3 Qxf4 37. Nd2 Bc5 38. Rc1 Ba3 39. Rc4 Re1+ 0-1

[Event "II. UKSE Tournament A"]
[Site "Budapest"]
[Date "2011.06.20"]
[Round "3"]
[White "Novaky, Csaba"]
[Black "Cuibus, Janos"]
[Result "1/2-1/2"]
[WhiteElo "2101"]
[BlackElo "2079"]
[PlyCount "99"]
[EventDate "2011.06.18"]
[EventType "tourn"]
[EventRounds "9"]
[EventCountry "HUN"]
[Source "Nadasi, Balazs"]
[SourceDate "2011.06.20"]

1. e4 e5 2. Nf3 Nc6 3. Bc4 Nf6 4. Ng5 d5 5. exd5 Nd4 6. c3 b5 7. Bf1 Nxd5 8.
cxd4 Qxg5 9. Bxb5+ Kd8 10. Qf3 Bb7 11. O-O exd4 12. d3 Qg6 13. Re1 Bb4 14. Re5
c6 15. Bc4 Bd6 16. Re1 Re8 17. Rxe8+ Kxe8 18. Nd2 Nb6 19. b3 Kf8 20. Bb2 Bb4
21. Nf1 Nxc4 22. bxc4 Rb8 23. Rb1 c5 24. Qg3 Qxg3 25. Nxg3 Re8 26. Bxd4 Bc6 27.
Be3 Rd8 28. d4 cxd4 29. Rxb4 dxe3 30. fxe3 Rd2 31. Nf5 Rxg2+ 32. Kf1 Ke8 33.
Nd4 Be4 34. Ra4 Rxh2 35. Rxa7 Bd3+ 36. Kg1 Rh3 37. c5 Rxe3 38. c6 Re1+ 39. Kf2
Rc1 40. Ke3 Bf1 41. a4 Rc3+ 42. Kf4 Rc5 43. c7 Kd7 44. c8=Q+ Kxc8 45. Rxf7 g5+
46. Kg3 Bd3 47. Rg7 h5 48. Ne6 h4+ 49. Kf2 Rf5+ 50. Ke3 1/2-1/2

[Event "II. UKSE Tournament A"]
[Site "Budapest"]
[Date "2011.06.20"]
[Round "3"]
[White "Schenkerik, Csaba"]
[Black "Koczo, Kristof"]
[Result "1/2-1/2"]
[WhiteElo "2154"]
[BlackElo "2233"]
[PlyCount "113"]
[EventDate "2011.06.18"]
[EventType "tourn"]
[EventRounds "9"]
[EventCountry "HUN"]
[Source "Nadasi, Balazs"]
[SourceDate "2011.06.20"]

1. d4 d5 2. c4 dxc4 3. Nf3 c5 4. e3 cxd4 5. exd4 Be6 6. Na3 Nf6 7. Nxc4 g6 8.
Nce5 Bg7 9. Bb5+ Nbd7 10. O-O O-O 11. Qe2 a6 12. Bd3 Rc8 13. Re1 Nb6 14. Bg5
Bd5 15. b3 Re8 16. Rad1 Rc7 17. Bd2 Nbd7 18. Ba5 b6 19. Bb4 a5 20. Ba3 Qa8 21.
Bb5 e6 22. Bd6 Ra7 23. Rc1 Rc8 24. Rxc8+ Qxc8 25. Ng5 Nxe5 26. Bxe5 Nd7 27.
Bxg7 Kxg7 28. f3 Rc7 29. Bxd7 Qxd7 30. Qe5+ Kg8 31. Ne4 Bxe4 32. fxe4 Rc2 33.
Qb8+ Kg7 34. d5 exd5 35. Qe5+ f6 36. Qxd5 Qxd5 37. exd5 Rc7 38. Re6 Rb7 39. Kf2
Kf7 40. Ke3 Re7 41. Rxe7+ Kxe7 42. g4 Kd6 43. Ke4 b5 44. a3 b4 45. axb4 axb4
46. h3 h5 47. gxh5 gxh5 48. h4 Kc5 49. Kf5 Kxd5 50. Kxf6 Kd4 51. Kg5 Kc3 52.
Kxh5 Kxb3 53. Kg5 Kc4 54. h5 b3 55. h6 b2 56. h7 b1=Q 57. h8=Q 1/2-1/2

[Event "II. UKSE Tournament A"]
[Site "Budapest"]
[Date "2011.06.21"]
[Round "4"]
[White "Grimm, Daniel"]
[Black "Novaky, Csaba"]
[Result "1/2-1/2"]
[WhiteElo "2068"]
[BlackElo "2101"]
[PlyCount "53"]
[EventDate "2011.06.18"]
[EventType "tourn"]
[EventRounds "9"]
[EventCountry "HUN"]
[Source "Nadasi, Balazs"]
[SourceDate "2011.06.20"]

1. e4 e5 2. Nf3 Nc6 3. Bb5 a6 4. Ba4 Nf6 5. O-O b5 6. Bb3 Be7 7. Re1 d6 8. c3
O-O 9. h3 Na5 10. Bc2 c5 11. d4 Qc7 12. Nbd2 cxd4 13. cxd4 Bd7 14. Nf1 Rac8 15.
Re2 Nc6 16. a3 Rfe8 17. Ng3 Bd8 18. Be3 Qb7 19. Rc1 h6 20. Bb1 Bb6 21. Rd2 Qa7
22. Kh1 Nxd4 23. Rxc8 Rxc8 24. Nxd4 Bxd4 25. Bxd4 exd4 26. Rxd4 Rc1 27. Qxc1
1/2-1/2

[Event "II. UKSE Tournament A"]
[Site "Budapest"]
[Date "2011.06.21"]
[Round "4"]
[White "Kalmar, Karoly"]
[Black "Cuibus, Janos"]
[Result "1/2-1/2"]
[WhiteElo "2013"]
[BlackElo "2079"]
[PlyCount "83"]
[EventDate "2011.06.18"]
[EventType "tourn"]
[EventRounds "9"]
[EventCountry "HUN"]
[Source "Nadasi, Balazs"]
[SourceDate "2011.06.20"]

1. e4 e5 2. Nf3 Nc6 3. Be2 Nf6 4. d3 d5 5. Nbd2 Bc5 6. O-O O-O 7. c3 Bb6 8. Qc2
h6 9. b4 a6 10. a3 Bg4 11. Bb2 Qe7 12. Rfe1 dxe4 13. dxe4 Rad8 14. Rad1 Ba7 15.
Bc1 Rd7 16. Nc4 Rfd8 17. Rxd7 Rxd7 18. Be3 Bxf3 19. Bxf3 Qe6 20. Be2 Bxe3 21.
Nxe3 Ne7 22. Rd1 Rxd1+ 23. Bxd1 Nc8 24. c4 c6 25. Qd3 Qd6 26. Be2 Qxd3 27. Bxd3
Nd6 28. f3 g6 29. Kf2 Kf8 30. c5 Nb5 31. Nc4 Nd7 32. Ke3 Ke7 33. g3 Kd8 34. f4
f6 35. Bf1 a5 36. Nxa5 Nxa3 37. Kd3 Kc7 38. Kc3 b6 39. Nb3 Nb5+ 40. Kc4 Na3+
41. Kc3 Nb5+ 42. Kc4 1/2-1/2

[Event "II. UKSE Tournament A"]
[Site "Budapest"]
[Date "2011.06.21"]
[Round "4"]
[White "Koczo, Kristof"]
[Black "Bartuszek, Andras"]
[Result "1-0"]
[WhiteElo "2233"]
[BlackElo "1863"]
[PlyCount "65"]
[EventDate "2011.06.18"]
[EventType "tourn"]
[EventRounds "9"]
[EventCountry "HUN"]
[Source "Nadasi, Balazs"]
[SourceDate "2011.06.20"]

1. d4 Nf6 2. c4 g6 3. Nc3 d5 4. cxd5 Nxd5 5. e4 Nxc3 6. bxc3 Bg7 7. Be3 O-O 8.
Nf3 c5 9. Rc1 Qa5 10. Qd2 Nc6 11. d5 Rd8 12. Bd3 Ne5 13. Nxe5 Bxe5 14. c4 Qxd2+
15. Kxd2 b6 16. f4 Bg7 17. a4 Bd7 18. a5 Bb2 19. Rb1 Ba3 20. axb6 axb6 21. Rxb6
Bb4+ 22. Ke2 Bg4+ 23. Kf2 Ra3 24. Bb1 Bd7 25. h3 f6 26. Rc1 Kf7 27. e5 e6 28.
d6 f5 29. Ke2 Rda8 30. Rc2 Ra1 31. Rb2 R8a4 32. Rb7 Ra7 33. Rxa7 1-0

[Event "II. UKSE Tournament A"]
[Site "Budapest"]
[Date "2011.06.21"]
[Round "4"]
[White "Bodrogi, Laszlo"]
[Black "Schenkerik, Csaba"]
[Result "1-0"]
[WhiteElo "2017"]
[BlackElo "2154"]
[PlyCount "70"]
[EventDate "2011.06.18"]
[EventType "tourn"]
[EventRounds "9"]
[EventCountry "HUN"]
[Source "Nadasi, Balazs"]
[SourceDate "2011.06.20"]

1. d4 f5 2. e4 fxe4 3. Nc3 Nf6 4. f3 d5 5. fxe4 dxe4 6. Bg5 Bf5 7. Bc4 Nc6 8.
Nge2 Qd7 9. d5 Ne5 10. Bb5 c6 11. Qd4 Nf7 12. Bxf6 exf6 13. Ba4 Bd6 14. O-O-O
O-O 15. dxc6 bxc6 16. Bb3 Rad8 17. Kb1 Rfe8 18. Qa4 Qc7 19. Nd4 Bd7 20. Qc4 Re7
21. Nxe4 Rxe4 22. Qxf7+ Kh8 23. Rhe1 Rxe1 24. Rxe1 Rf8 25. Qh5 Be5 26. Nf3 Be8
27. Qh4 Bf4 28. g3 Bd6 29. Nd4 Qa5 30. c3 Bg6+ 31. Bc2 Bxc2+ 32. Nxc2 Qf5 33.
Qe4 Qf2 34. Qe2 Qf5 35. Qe6 Qf2 1-0

[Event "II. UKSE Tournament A"]
[Site "Budapest"]
[Date "2011.06.21"]
[Round "4"]
[White "Szecsi, Peter"]
[Black "Szecsi, Pal"]
[Result "1-0"]
[WhiteElo "1818"]
[BlackElo "2041"]
[PlyCount "71"]
[EventDate "2011.06.18"]
[EventType "tourn"]
[EventRounds "9"]
[EventCountry "HUN"]
[Source "Nadasi, Balazs"]
[SourceDate "2011.06.20"]

1. d4 Nf6 2. c4 e6 3. Nc3 Bb4 4. a3 Bxc3+ 5. bxc3 c5 6. e3 O-O 7. Nf3 Nc6 8.
Bd3 d5 9. O-O dxc4 10. Bxc4 Na5 11. Ba2 cxd4 12. cxd4 b6 13. Ne5 Bb7 14. Bb2
Ba6 15. Re1 Qe7 16. Qf3 Rfc8 17. Rac1 h6 18. e4 Bb7 19. d5 exd5 20. exd5 Qd6
21. Nxf7 Kxf7 22. Bxf6 Rxc1 23. Bb2+ Kg8 24. Bxc1 Rc8 25. Bf4 Qd7 26. d6+ Kh8
27. Qg3 Re8 28. Rxe8+ Qxe8 29. h3 Qd7 30. Qg6 Qd8 31. Bb1 Qg8 32. Bxh6 Nc6 33.
d7 Nd8 34. Bg5 Nf7 35. d8=Q Nxd8 36. Qh5+ 1-0

[Event "II. UKSE Tournament A"]
[Site "Budapest"]
[Date "2011.06.22"]
[Round "5"]
[White "Bartuszek, Andras"]
[Black "Bodrogi, Laszlo"]
[Result "1-0"]
[WhiteElo "1863"]
[BlackElo "2017"]
[PlyCount "89"]
[EventDate "2011.06.18"]
[EventType "tourn"]
[EventRounds "9"]
[EventCountry "HUN"]
[Source "Nadasi, Balazs"]
[SourceDate "2011.06.20"]

1. e4 c5 2. Nf3 Nc6 3. d4 cxd4 4. Nxd4 Qc7 5. Nb5 Qb8 6. Bc4 a6 7. N5c3 e6 8.
a3 Nf6 9. Bd3 b5 10. Bg5 Be7 11. f4 d6 12. Nd2 Ra7 13. Nf3 O-O 14. b4 Qb6 15.
h3 Rc7 16. Ne2 Re8 17. Bh4 e5 18. Bf2 Qb7 19. O-O Bf8 20. f5 Nd8 21. Ng3 d5 22.
Re1 Rd7 23. Qe2 d4 24. Nh2 Qc6 25. Nh5 g6 26. Nxf6+ Qxf6 27. Ng4 Qc6 28. Bh4
Bg7 29. f6 Bf8 30. Qd2 h5 31. Nh2 Rc7 32. Nf3 Qd6 33. Rf1 Rc3 34. Bg5 Kh7 35.
Qf2 Ne6 36. Qh4 Bh6 37. g4 Bxg5 38. Nxg5+ Nxg5 39. Qxg5 Rg8 40. Rf3 Qe6 41. Kf2
Bd7 42. gxh5 Be8 43. Rg1 Rc7 44. Rg4 Qa2 45. Rh4 1-0

[Event "II. UKSE Tournament A"]
[Site "Budapest"]
[Date "2011.06.22"]
[Round "5"]
[White "Cuibus, Janos"]
[Black "Grimm, Daniel"]
[Result "0-1"]
[WhiteElo "2079"]
[BlackElo "2068"]
[PlyCount "84"]
[EventDate "2011.06.18"]
[EventType "tourn"]
[EventRounds "9"]
[EventCountry "HUN"]
[Source "Nadasi, Balazs"]
[SourceDate "2011.06.20"]

1. e4 d5 2. exd5 Qxd5 3. Nc3 Qd6 4. Nb5 Qb6 5. d4 c6 6. Nc3 Nf6 7. Bc4 Bg4 8.
Qd3 e6 9. Nge2 Bf5 10. Qg3 Be7 11. Bb3 O-O 12. Be3 Nd5 13. Nxd5 cxd5 14. O-O
Nc6 15. Rfd1 Na5 16. Rac1 Rfc8 17. Nc3 Nxb3 18. axb3 Qd8 19. h3 Rc6 20. Qf3
Rac8 21. Qe2 a6 22. Bf4 b5 23. Rd2 Bb4 24. Ra1 Qb6 25. Rc1 Bxc3 26. bxc3 Rxc3
27. Qd1 Qc6 28. Qe1 Rxb3 29. cxb3 Qxc1 30. Qxc1 Rxc1+ 31. Kh2 Rb1 32. Ra2 Rxb3
33. Rxa6 h5 34. Ra7 Rb1 35. Bd6 b4 36. Rb7 b3 37. Ba3 Bd3 38. Kg3 Kh7 39. Kf3
Kg6 40. h4 Bc2 41. Ke3 Re1+ 42. Kd2 Re4 0-1

[Event "II. UKSE Tournament A"]
[Site "Budapest"]
[Date "2011.06.22"]
[Round "5"]
[White "Novaky, Csaba"]
[Black "Koczo, Kristof"]
[Result "1/2-1/2"]
[WhiteElo "2101"]
[BlackElo "2233"]
[PlyCount "126"]
[EventDate "2011.06.18"]
[EventType "tourn"]
[EventRounds "9"]
[EventCountry "HUN"]
[Source "Nadasi, Balazs"]
[SourceDate "2011.06.20"]

1. e4 c6 2. d4 d5 3. e5 e6 4. f4 b6 5. Nf3 Ba6 6. Bxa6 Nxa6 7. O-O Ne7 8. c3
Qd7 9. Qe2 Qb7 10. Na3 h5 11. Nc2 Nf5 12. Ne3 g6 13. b3 Rc8 14. Nxf5 gxf5 15.
Be3 Be7 16. a4 Nb8 17. b4 Nd7 18. a5 b5 19. Nd2 Nf8 20. Rf3 Ng6 21. Rh3 h4 22.
Nf3 Kd7 23. Kf2 Rcg8 24. Rg1 Qc8 25. Ke1 Qf8 26. Qf1 a6 27. g3 hxg3 28. hxg3
Rxh3 29. Qxh3 Rh8 30. Qg2 Qh6 31. Kf2 Ke8 32. Qf1 Qh5 33. Rg2 Kf8 34. Rh2 Qg4
35. Rxh8+ Nxh8 36. Qh1 Kg7 37. Kg2 f6 38. Qh3 Qxh3+ 39. Kxh3 Nf7 40. Nh2 Nh6
41. Bg1 Kg6 42. Kg2 Kh5 43. Kf3 fxe5 44. dxe5 Nf7 45. Bb6 Nd8 46. Nf1 Nb7 47.
Ne3 Kg6 48. Nc2 c5 49. bxc5 Bxc5 50. Bc7 Kf7 51. Nb4 Bxb4 52. cxb4 Kg6 53. g4
fxg4+ 54. Kxg4 d4 55. Bb6 d3 56. Be3 Nd8 57. Bd2 Nc6 58. Kf3 Kf5 59. Ke3 Kg4
60. Ke4 Kg3 61. Be1+ Kg4 62. Bd2 Kg3 63. Be1+ Kg4 1/2-1/2

[Event "II. UKSE Tournament A"]
[Site "Budapest"]
[Date "2011.06.23"]
[Round "6"]
[White "Koczo, Kristof"]
[Black "Cuibus, Janos"]
[Result "1/2-1/2"]
[WhiteElo "2233"]
[BlackElo "2079"]
[PlyCount "62"]
[EventDate "2011.06.18"]
[EventType "tourn"]
[EventRounds "9"]
[EventCountry "HUN"]
[Source "Nadasi, Balazs"]
[SourceDate "2011.06.20"]

1. d4 f5 2. Bf4 Nf6 3. e3 e6 4. Bd3 d5 5. Nf3 c5 6. c3 Nc6 7. Nbd2 Bd6 8. Ne5
Qc7 9. Ndf3 O-O 10. Qc2 Nd7 11. Nxd7 Qxd7 12. Ne5 Bxe5 13. Bxe5 Nxe5 14. dxe5
b5 15. f4 Bb7 16. O-O a5 17. a3 Rfc8 18. Qd2 Qc6 19. Be2 Qb6 20. b4 axb4 21.
axb4 c4 22. Qd4 Qxd4 23. exd4 Bc6 24. g4 g6 25. h4 Kf7 26. Kf2 fxg4 27. Bxg4 h5
28. Bh3 Ra4 29. Rxa4 bxa4 30. Ra1 Ra8 31. Ra3 Bb5 1/2-1/2